000 00308 a2200097 4500
100 1 _aWalter, Carlton H..
_eAutor
700 1 _aCaplin, A.F..
_e(perevod.)
245 0 _aAntenny beguscej volny /
_cWalter Carlton H., Caplin A.F..
710 2 _aEnergija.
_eWydawca
_4pbl
260 _aMoskva :
_bEnergija,
_c1970.
300 _a447 s.;
_c25 cm.
999 _c13494
_d13494